000 00500nam a2200169 4500
003 SEACOMEC
005 20231221124618.0
008 231221b |||||||| |||| 00| 0 eng d
040 _aSEACOMEC
082 1 _a620.1074
_bF832
100 1 _aFranklin,Gene F.
245 1 _aFeedback central of dynamic systems
_cGene F. Powell Franklin Abdas, Emamu-Naeini,David J.
250 1 _a4 th ed.
260 1 _aDelhi
_bPearson
_c2005
650 _aApplied sciences,Engineering and allied operations
942 _cBOOK
999 _c271
_d271